000 02139pam a2200409 a 4500
001 3543177
003 OSt
005 20221004151823.0
008 970521s1998 paua b 001 0 eng c
010 _a 97022036
020 _a0397554281 (pbk. : alk. paper)
040 _aDNLM/DLC
_cLC
_dDLC
043 _an-us---
050 0 0 _aRT82.E45
060 1 0 _aWY 16 E47n 1997
082 0 0 _a610.73
_221
100 1 _aEllis, Janice Rider.
_9515
245 1 0 _aNursing in today's world: challenges, issues, and trends. /
_cJanice Rider Ellis, Celia Love Hartley.
250 _a6th ed.
260 _aPhiladelphia:
_bLippincott,
_c1998.
300 _axii, 508 p. :
_bill. ;
_c23 cm.
504 _aIncludes bibliographical references and index.
505 _aContents: Economic and political aspects of health care delivery: Understanding the health care environment -- Health care finance and control -- The political process and the nursing profession -- Understanding the development of nursing as a profession: Exploring nursing's origins -- Nursing as a developing profession -- Educational preparation for nursing -- Legal and ethical accountability for practice: Credentials for health care providers -- Legal responsibilities for practice -- Ethical concerns in nursing practice -- Bioethical issues in health care -- Career opportunities and professional growth: Beginning your career as a nurse -- Preparing for workplace participation --
650 0 _aNursing.
_9102
650 0 _aNursing
_xPractice.
_9516
650 0 _aNursing
_zUnited States.
_9517
650 1 2 _aNursing
_zUnited States.
_9517
650 2 2 _aEducation, Nursing
_xtrends
_zUnited States.
_9518
650 2 2 _aLegislation, Nursing
_zUnited States.
_9519
650 2 2 _aEthics, Nursing
_zUnited States.
_9520
650 2 2 _aDelivery of Health Care
_zUnited States.
_9521
650 2 2 _aCollective Bargaining.
_9522
700 1 _aHartley, Celia Love.
_9523
906 _a7
_bcbc
_corignew
_d1
_eocip
_f19
_gy-gencatlg
942 _2lcc
_cBK
999 _c9251
_d16751